00576nam a2200169 i 450000100060000000300090000600500170001500700030003200800410003510000530007624500590012926000350018830000220022385200220024599900170026795201220028469945ES-MaACL20250904063051.0t|040713s1972 sp |||| | spa d1 aGarcía Márquez, Gabriel, d1927-2014924219110aCien años de soledad / cGabriel García Márquez. a[Barcelona : bEdhasa, c1972] a351 p. ; c20 cm. aES-MaACLjC-43591 c69945d69945 00104070aATENEOMbATENEOMcDEPO2d2008-01-17eSCl0oC-43591p1073245r2023-02-23 00:00:00w2023-02-23yMONOGRAFIA